| 000 | 00582nam a22001577a 4500 | ||
|---|---|---|---|
| 005 | 20120215133512.0 | ||
| 008 | 120215t xxu||||| |||| 00| 0 eng d | ||
| 020 |
_a8120325710 _c150.00 |
||
| 035 | _aB-126364 | ||
| 040 |
_aDPL _bENG |
||
| 245 | _aAdvanced Data Warehouse: Multidimensional modeling with DB2 OLAP server / | ||
| 260 |
_aNew Delhi _bPHI _c2004 |
||
| 300 |
_axi, 132p. _c23cms |
||
| 942 |
_2ddc _cEN _h005.754 _mADV |
||
| 999 |
_c62865 _d62865 |
||